00985nam a2200205 a 450000100100000000500170001000800410002702000180006804000250008610000400011124500730015126000430022430000210026750000700028858600660035895201220042495201110054695201050065799900170076200004052520240228130358.0130829s2009 dr 000 0 spa d a9789945002454 aDO-SdBNPbspacBNPHU1 aGómez Rosa, Alexis,d1950-92350110aMarginal de una lengua que persigue su forma /cAlexis Gómez Rosa. aSanto Domingo :bEditora Gente,c2009. a161 p. ;c22 cm. aIncluye datos biográficos del autor en la solapa de la cubierta aPremio anual de poesía Salomé Ureña de Henríquez 2010 00102ddc718DSaBNPHUbBNPHUcCTd2013-08-29iLF1l0o p40525-30r2020-06-25te. 3w2020-06-25yLFDSZNo se presta 0010718PDaPDbPDcCTd2013-08-29iLF1l0o p40525-10r2020-06-25te. 2w2020-06-25yLFPDZNo se presta 0010718PDaPDbPDcCTd2013-08-29iLF1l0o p40525-20r2020-06-25w2020-06-25yLFPDZNo se presta c40015d40015